MARC

LEADER 00000nam0a2200000 4500
001 294070
005 20231102000645.0
035 |a (RuTPU)RU\TPU\book\319120 
035 |a RU\TPU\book\319117 
090 |a 294070 
100 |a 20150508d1970 k y0rusy50 ca 
101 0 |a rus 
102 |a RU 
105 |a a z 001zy 
200 1 |a Теория машин-автоматов и пневмогидроприводов  |e сборник статей  |f под ред. Л. В. Петрокаса 
210 |a Москва  |c Машиностроение  |d 1970 
215 |a 335 с.  |c ил. 
320 |a Библиогр. в конце ст. 
606 1 |a Машины-автоматы  |x Машиностроение  |2 stltpush  |3 (RuTPU)RU\TPU\subj\41741  |9 61527 
606 1 |a Механизмы и машины  |x Теория  |2 stltpush  |3 (RuTPU)RU\TPU\subj\64695  |9 81456 
606 1 |a Гидравлические приводы  |2 stltpush  |3 (RuTPU)RU\TPU\subj\6501  |9 34377 
606 1 |a Пневмотехника  |2 stltpush  |3 (RuTPU)RU\TPU\subj\49470 
610 1 |a проектирование 
610 1 |a проектирование 
610 1 |a пневмогидроприводы 
610 1 |a роторные машины 
610 1 |a роторные механизмы 
610 1 |a машины непрерывного действия 
610 1 |a схемы 
610 1 |a передачи 
610 1 |a загрузка 
610 1 |a техническая диагностика 
610 1 |a анализ 
610 1 |a синтез 
610 1 |a пневматические системы 
610 1 |a гидравлические системы 
610 1 |a приводы 
610 1 |a торможение 
610 1 |a сервомеханизмы 
675 |a 621.002:65.011.56  |v 3 
675 |a 621.01  |v 3 
675 |a 621.01  |v 3 
675 |a 62-82  |v 3 
675 |a 621.547  |v 3 
702 1 |a Петрокас  |b Л. В.  |4 340 
801 1 |a RU  |b 63413507  |c 20150508 
801 2 |a RU  |b 63413507  |c 20230220  |g RCR 
942 |c BK